BEFORE YOU START UP HOW TO PREPARE TO MA (Record no. 31861)
[ view plain ]
| 000 -LEADER | |
|---|---|
| fixed length control field | 00307nam a2200121Ia 4500 |
| 008 - FIXED-LENGTH DATA ELEMENTS--GENERAL INFORMATION | |
| fixed length control field | 240624s9999 xx 000 0 und d |
| 041 ## - LANGUAGE CODE | |
| Language code of text/sound track or separate title | eng |
| 082 ## - DEWEY DECIMAL CLASSIFICATION NUMBER | |
| Classification number | 658.4 GOY |
| 100 ## - MAIN ENTRY--PERSONAL NAME | |
| Personal name | GOYAL PANKAJ |
| 245 ## - TITLE STATEMENT | |
| Title | BEFORE YOU START UP HOW TO PREPARE TO MA |
| 260 ## - PUBLICATION, DISTRIBUTION, ETC. | |
| Date of publication, distribution, etc. | 2017 |
| Place of publication, distribution, etc. | New India |
| Name of publisher, distributor, etc. | Prakash Books |
| 365 ## - TRADE PRICE | |
| Currency code | RS |
| Withdrawn status | Lost status | Damaged status | Not for loan | Home library | Current library | Shelving location | Date acquired | Cost, normal purchase price | Full call number | Barcode | Date last seen | Price effective from | Koha item type |
|---|---|---|---|---|---|---|---|---|---|---|---|---|---|
| Missing | IMTN | IMTN | Rack 27-A | 08/23/2019 | 199.00 | 658.4 GOY | 31861 | 06/24/2024 | 06/24/2024 | Books |